Animalario universal del profesor revillod : almanque ilustrado de la fauna mundial /

Guardado en:
Autor Principal: Murugarren, Miguel
Otros Autores: Sáez Castán, Javier
Formato: Libro
Publicado: Buenos Aires : Fondo de Cultura Económica, 2013
Edición:3a. reimp.
Series:Didáctica
Materias:
Etiquetas: Agregar Etiqueta
Sin Etiquetas, Sea el primero en etiquetar este registro!
LEADER 01048nam a22002895a 4500
001 CEM.cems015115
005 20190919161629.0
008 130507s2013##################000#0#####d
003 CEMS
020 |a 9789505578030 
082 0 4 |a 868.6 
100 1 |a Murugarren, Miguel 
245 1 0 |a Animalario universal del profesor revillod :  |b almanque ilustrado de la fauna mundial /  |c Miguel Murugarren ; ilustrado Por Javier Sáez Castán 
250 |a 3a. reimp. 
260 |a Buenos Aires :  |b Fondo de Cultura Económica,  |c 2013 
300 |a 40 p. 
490 0 |a Didáctica 
653 |a Literatura 
653 |a Literatura española 
653 |a Literatura infantil 
653 |a Cuentos infantiles 
653 |a Libro albúm 
653 |a Colección ciencias de la educación 
700 1 |a Sáez Castán, Javier 
859 |a CEMS  |b BIB. CEMS - Ccias. Educacion  |h 868.6  |i M969  |k CE  |p 27961.19  |t Ej.1 
859 |a CEMS  |b BIB. CEMS - Ccias. Educacion  |h 868.6  |i M969  |k CE  |p 28607.19  |t Ej.2 
859 |a CEMS  |b BIB. CEMS - Ccias. Educacion  |h 868.6  |i M969  |k CE  |p 28734.19  |t Ej.3